00549nam a22001577a 450000500170000002000260001703700080004310000340005124500490008526000400013427000650017430000210023994200170026099900170027795200970029420111220122444.0 a9789381497029c125.00 bPUB aTagore, Rabindra Nath 937249 aThe hungry stones /cby Rabindra Nath Tagore aDelhi bAakanksha Parkashan c2011 aF-15A, Vijay Block, Vikas Marg, Laxmi Nagar bDelhi e110092 a61p. c23cm(Hb)  2ddccCHmTAG c59691d59691 0010407-1aAGbAGd2011-12-20g125.00l0oTAGr2011-12-20 00:00:00v125.00w2011-12-20yCH